000 00293nam a2200109Ia 4500
008 200619s9999 xx 000 0 und d
082 _a305.56SHA
100 _aShah Ghanshyam
245 0 _aUntouchability in Rural India
942 _cIR
999 _c119838
_d119838